Регионална библиотека "Любен Каравелов" - Русе

Литературни анализи (Запис номер 65923)

MARC детайли
000 -Лидер
Контролно поле с фиксирана дължина 01341nam a2200337 c 4500
003 - Код на организацията, давaща контролен номер
Контролно поле BLK
005 - Дата и час на последна редакция
Контролно поле 20241217171201.0
008 - Елементи от данни с фиксирана дължина
fixed length control field 180408b bul|||||r ||||||| ||bul||
010 ## - Наследен системен номер
LC control number KNG00070206000
020 ## - Международен стандартен номер на книга ISBN
Международен стандартен номер на книга ISBN 954-8857-
-- издат.: Веди
040 ## - Източник на каталожния запис
Идентификатор на билиотеката - собственик на записа BLK
041 ## - Код за език
Код за езика на текст/звукозапис или на отделно заглавие Български
Код за езика КДБФ Български
080 ## - УДК
Текстов определител УДК Българска литература в основното училище. Методика на обучението
УДК код - определител по УДК 373.3.016:821.163.2
УДК определител (075.2)
УДК - код + определител 373.3.016:821.163.2(075.2)
139 ## - Редно поле
Редна дума Литературни анализи
Авторски знак Лит - Л 69
245 10 - Сведения за заглавието
Заглавие Литературни анализи
Подзаглавни данни VІІ кл.
Редно поле (дума) състав. Елена Митева.
257 ## - Страна на издаване
Страна на създаване/издаване България
260 ## - Област на издателските данни
-- София
Име на издателя, разпространителя и проч. Веди
Година на издаване 2006
Печатница София : Рута
300 ## - Физическа характеристика
Страници 228 с.
Размери/Мащаб 24 см
380 ## - Жанр
Жанр Обществени науки
650 #4 - Допълнително описание по предмет – тема
Основно описание – тема или топоним Българска литература - методика на преподаването - за основни училища
9 (RLIN) 257239
653 ## - Ключова дума – ненормативна
Ключова дума българска литература
653 ## - Ключова дума – ненормативна
Ключова дума литературни анализи
653 ## - Ключова дума – ненормативна
Ключова дума VІІ кл.
700 1# - Други автори (авторска отговорност)
Лично име Митева, Елена
Автороска отговорност (Описва отношението между автора и произведението) състав.
9 (RLIN) 366909
852 ## - Местоположение
Форматна сигнатура Цб 230559
856 4# - Електронен адрес и достъп
Електронен формат pdf - файл
Път до файла /url/
856 4# - Електронен адрес и достъп
Електронен формат pdf - файл
Път до файла /url/
942 ## - АРТИКУЛИ
Вид на библиотечния материал Книги
Скрит в OPAC Не
Koha issues (borrowed), all copies 6
944 ## - СЪЗДАВАНЕ И РЕДАКЦИЯ на ЗАПИСА
Създаване/Редакция Създаване
Дата на регистрацията/редакция 22.12.2006
Служител, извършил регистрацията/редакцията 30537
Статус, дата на статуса Грета Цуфелде
944 ## - СЪЗДАВАНЕ И РЕДАКЦИЯ на ЗАПИСА
Създаване/Редакция Редакция
Дата на регистрацията/редакция 08.01.2007
Служител, извършил регистрацията/редакцията
999 ## - СИСТЕМНИ КОНТРОЛНИ НОМЕРА
Koha biblionumber 65923
Koha biblioitemnumber 65923
Наличности
Код за отписване Код за изгубен артикул Източник на класификационната схема Код за повреда Коз за рестрикции Код за отдаване Артикулен № Име на библиотеката - собственик Име на библиотеката, в която се намира в момента Статус (Текущо местоположение) Дата на вписване в системата Местоположение - отдел Цена в лева Инвентарен номер Систематично азбучна сигнатура Баркод Номер на екземпляра Цена в евро Служебна бележка Служебен тип на артикула
  Не е изгубен Universal Decimal Classification Не е повреден без рестрикции заемане за дома 108857 Регионална библиотека "Любен Каравелов" Русе Регионална библиотека "Любен Каравелов" Русе Детски отдел 2006-12-22 Детски отдел 8.00 120000707805 ДН 373.3.016:821/Л 69 120000707805 1 4.09 Дост: Pk Вид: Ф N: 47399 Дата: 18.12.2006 Дата инв: 24.08.2015 Бележки инв: Д2015 Книги
Изтеглен Не е изгубен Universal Decimal Classification Не е повреден без рестрикции заемане за дома 108858 Регионална библиотека "Любен Каравелов" Русе Регионална библиотека "Любен Каравелов" Русе Детски отдел 2006-12-22 Детски отдел 8.00 120000707806 Д 372.888.67/Л 69 120000707806 2 4.09 Дост: Pk Вид: Ф N: 47399 Дата: 18.12.2006 Дата инв: 24.08.2015 Бележки инв: Д2015 Книги
Vip Innovations Ltd, Rousse, Bulgaria 2025